000 00887cam a22002174a 4500
005 20250605164128.0
008 250528s ||||||||||||||||||||||||d
035 _a18516
020 _a333576500
040 _aGR-AtMCL
_bgre
_dGR-AtMCL
_eAACR2
245 1 _aIntroductory Mathematics for Economics and Business / Second Edition
250 _a2nd
260 _bPearson Addison-Wesley,
_c1994
300 _a516
520 _aThis book covers the essential mathematics required by students of economics and business. Preface, Linear Equations, Elementary Matrix Algebra, Non-Linear Equations, Series, Differential Calculus, Integral Calculus, Partial Differentiation, Linear Programming, Differential Equations, Difference Equations, Appendices, Further Reading, Index.
700 1 _aHolden K
_94780
700 1 _aMacmillan
_9736
942 _cBK
999 _c3874
_d3874